000 00454nmm a2200145Ia 4500
005 20241120123151.0
008 241120s9999||||xx |||||||||||||||||und||
020 _a9783036555362
245 0 _aVolume II: Mining Innovation
260 _aMDPI - Multidisciplinary Digital Publishing Institute
_c2022
650 _astrainburst
700 _aSkrzypkowski, Krzysztof
856 _uhttps://directory.doabooks.org/handle/20.500.12854/93773
942 _cE-Book
999 _c191057
_d191057